000 01994nam a2200577 i 4500
001 42020
003 KOSZ 005
005 20220422103215.0
008 021220s2003 pl a f f |001 0 pol
015 _aUWD 2003/387
020 _a8320814340
020 _a8320814367
035 _a991020008519705066
035 _a(PL-WaBN)b15423141-48omnis_nlop
035 _ab15423141
035 _a(OCoLC)749592624
035 _azz2003840037
035 _a(PL)b0000001542314
035 _a(EXLNZ-48OMNIS_NETWORK)9910437131405606
040 _aWA N
_cWA N
_dKOSZ 005/HR
041 1 _apol
_heng
046 _k2000
080 _a330.101.542
080 _a(075.8)
100 1 _aBegg, David K. H.
_eAutor
245 1 0 _aEkonomia :
_bmikroekonomia /
_cDavid Begg [oraz] Stanley Fischer, Rudiger Dornbusch ; tł. Bogusław Czarny [et al.].
246 1 _iTyt. oryg.:
_aEconomics,
_f2000
250 _aWyd. 3 zm. /
_bred. nauk. Ryszard Rapacki.
260 _aWarszawa :
_bPolskie Wydawnictwo Ekonomiczne,
_c2003.
300 _a557, [2] s. :
_bil. ;
_c24 cm.
336 _aTekst
_btxt
_2rdacontent
337 _aBez urządzenia pośredniczącego
_bn
_2rdamedia
338 _aWolumin
_bnc
_2rdacarrier
380 _aKsiążki
380 _aPublikacje dydaktyczne
385 _mPoziom nauczania
_aSzkoły wyższe
388 _a1901-2000
388 _a2001-
504 _aIndeks.
650 7 _aMikroekonomia
_2DBN
655 7 _aPodręczniki akademickie
_2DBN
658 _aGospodarka, ekonomia, finanse
700 1 _aCzarny, Bogusław
_d(1957- )
_eTłumaczenie
700 1 _aDornbusch, Rudiger
_d(1942-2002)
_eAutor
700 1 _aFischer, Stanley
_eAutor
_d(1943- )
700 1 _aRapacki, Ryszard
_d(1949- )
_eRedakcja
710 2 _aPolskie Wydawnictwo Ekonomiczne
_4pbl
856 _uhttp://koha.tu.koszalin.pl/cgi-bin/koha/opac-detail.pl?biblionumber=42020
_yKatalog online BPK
942 _2UKD
_cKS
999 _c42020
_d42020